Điều trị bệnh thông thường bằng thuốc Đông y đơn giản
Uloženo v:
| Hlavní autor: | |
|---|---|
| Médium: | Kniha |
| Jazyk: | Undetermined |
| Vydáno: |
Tp. HCM
Hội Y Dược Học
1993
|
| Témata: | |
| Tagy: |
Přidat tag
Žádné tagy, Buďte první, kdo otaguje tento záznam!
|
| Thư viện lưu trữ: | Trung tâm Học liệu Trường Đại học Cần Thơ |
|---|
| LEADER | 00642nam a2200169Ia 4500 | ||
|---|---|---|---|
| 001 | CTU_40150 | ||
| 008 | 210402s9999 xx 000 0 und d | ||
| 082 | |a 615.882 | ||
| 082 | |b Ph500 | ||
| 100 | |a Dương Trí Phù | ||
| 245 | 0 | |a Điều trị bệnh thông thường bằng thuốc Đông y đơn giản | |
| 245 | 0 | |c Dương Trí Phù, Trương Phong; Dịch giả: Nguyễn Xuân Quý, Đinh Gia Nguyên | |
| 260 | |a Tp. HCM | ||
| 260 | |b Hội Y Dược Học | ||
| 260 | |c 1993 | ||
| 650 | |a folk medicine - formulae, receipts, prescriptions | ||
| 980 | |a Trung tâm Học liệu Trường Đại học Cần Thơ | ||